| 000 | 00683nam a2200217 i 4500 | ||
|---|---|---|---|
| 001 | bgj | ||
| 100 | 1 | _aWILDMAN, Jayne | |
| 245 | 1 | 0 |
_aNew Matura Matrix : _bupper-intermediate : plus : practice book / _cJayne Wildman [et al.]. |
| 260 |
_aOxford : _bOxford University Press, _c2004. |
||
| 300 |
_a63 pp : _bill. ; _c28 cm. |
||
| 650 | 9 |
_aEnglish language _xSecondary schools _xUpper-Intermediate _xNew |Matura |
|
| 655 | _aTextbooks for foreigners | ||
| 700 | 1 |
_aGUDE, Kathy. _eco-author |
|
| 700 | 1 |
_aGRYCA, Danuta. _eco-author |
|
| 020 | _a0194386414 | ||
| 040 | _cBPK | ||
| 041 | 0 | _aeng | |
| 920 | _a0-19-438641-4 | ||
| 942 | _cKS | ||
| 008 | s uk f |000 0 eng | ||
| 999 |
_c48994 _d48994 |
||
| 856 |
_uhttp://koha.tu.koszalin.pl/cgi-bin/koha/opac-detail.pl?biblionumber=48994 _yKatalog online BPK |
||